| 000 | 00388nam a2200169Ia 4500 | ||
|---|---|---|---|
| 100 | _aKoblitz/Neal | ||
| 650 | _aCrptography | ||
| 250 | _a2 | ||
| 942 | _cBK | ||
| 366 | _f20 | ||
| 654 | _anumber theroy | ||
| 245 | _aCourse in Number theory and cryptography | ||
| 260 |
_bSpringer International _aNew Delhi _c1994 |
||
| 082 |
_a005.82/KOB _bKOB |
||
| 300 | _a235 | ||
| 546 | _aENGLISH | ||
| 999 |
_c27449 _d27449 |
||